U-Bahnhaltestellen Hamburg - Sudden Death - Statistiken

Allgemein
  • Dieses Quiz wurde 213 mal gespielt
  • Das Durchschnittsergebnis liegt bei 8 aus 15
Answers on the Grid
Answers color-coded by a green-red scale on the quiz's grid according to % correct below.
Jungfernstieg
Elbgaustraße
Kellinghusenstraße
Veddel
Schlump
St. Pauli
Bahnhof Altona
Ohlsdorf
Billstedt
Jenfeld-Zentrum
Hagendeel
Othmarschen
Heimfeld
Norderstedt Mitte
Schnelsen
Rödingsmarkt
Schiffbeker Weg
Farmsen
Großhansdorf
Ahrensburg Ost
Hamburg Airport
Bahnhof Dammtor
Schenefeld Stadtzentrum
Landungsbrücken
Hammerbrook (City Süd)
Nettelnburg
Sengelmannstraße (City Nord)
Eimsbütteler Marktplatz
Iserbrook
Horner Rennbahn
 
Antwortstatistiken
Antwort % Korrekt
Jungfernstieg
90%
Schlump
73%
St. Pauli
69%
Kellinghusenstraße
60%
Billstedt
57%
Norderstedt Mitte
49%
Landungsbrücken
47%
Rödingsmarkt
45%
Ohlsdorf
44%
Farmsen
41%
Hagendeel
40%
Horner Rennbahn
40%
Ahrensburg Ost
38%
Großhansdorf
38%
Sengelmannstraße (City Nord)
36%
Keine übereinstimmenden Quizze gefunden
Verteilung der Resultate
Anzahl Personen mit jedem Resultat
Perzentil nach korrekt beantworteten Fragen
Ihre Resultats-Entwicklung
Sie haben dieses Quiz noch nicht gespielt